000 00568nam a22002057a 4500
008 240610b mp ||||| |||| 00| 0 mon d
020 _a99929-0-268-?
035 _a10291
040 _aDO1421060
_bmon
_cMN-UlNLM
_dMN-UlNLM
_erda
041 _amon
042 _a25952
084 _2NNA
_a65.32.1
_bГ 161
245 0 _aГазрын харилцаа шинэтгэл
264 _aУБ
_bАDМОN"ХХК
_c2004
300 _a130х.
336 _2rdacontent
_atext
_btxt
337 _2rdamedia
_aunmediated
_bn
338 _2rdacarrier
_avolume
_bnc
942 _2NNA
_cBK
999 _c957227
_d957284